| 000 | 00329nam a2200109Ia 4500 | ||
|---|---|---|---|
| 001 | 1275963 | ||
| 005 | 20260417160438.0 | ||
| 008 | 260417s9999 xx 000 0 und d | ||
| 020 | _a9786258159080 | ||
| 245 | 0 |
_aDevasa Dinozorların Büyük Kitabı - Minik Dinozorların Küçük Kitabı _cCristina Banfi |
|
| 260 | _bKetebe Çocuk | ||
| 999 |
_c1275963 _d1275963 |
||